|
|
|
|
| LEADER |
01237nam a2200277 a 4500 |
| 001 |
16581015 |
| 008 |
101216s2012 caua b 001 0 eng d |
| 999 |
|
|
|c 12807
|d 12807
|
| 010 |
|
|
|a 2010942920
|
| 020 |
|
|
|a 9781412946131 (cloth)
|
| 040 |
|
|
|a DLC
|b eng
|c DLC
|e rda
|d BD-DhAAL
|
| 082 |
0 |
0 |
|a 720.1
|2 22
|
| 245 |
0 |
4 |
|a The SAGE handbook of architectural theory /
|c edited by C. Greig Crysler, Stephen Cairns and Hilde Heynen.
|
| 246 |
3 |
0 |
|a Architectural theory
|
| 260 |
|
|
|a Los Angeles ;
|a London ;
|a New Delhi ;
|a Singapore ;
|a Washington DC :
|b SAGE Publications,
|c 2012.
|
| 300 |
|
|
|a xviii, 753 pages :
|b illustrations ;
|c 26 cm.
|
| 504 |
|
|
|a Includes bibliographical references and index.
|
| 526 |
|
|
|a ARC
|
| 541 |
|
|
|a 00025903
|
| 650 |
|
0 |
|a Architecture
|x Philosophy.
|9 32279
|
| 700 |
1 |
|
|a Crysler, C. Greig
|q (Christopher Greig),
|e editor of compilation.
|9 32280
|
| 700 |
1 |
|
|a Cairns, Stephen,
|e editor of compilation.
|9 32281
|
| 700 |
1 |
|
|a Heynen, Hilde,
|e editor of compilation.
|9 32282
|
| 852 |
1 |
|
|a Ayesha Abed Library
|j General shelf
|
| 942 |
0 |
0 |
|0 1
|2 ddc
|c BK
|
| 952 |
|
|
|0 0
|1 0
|4 0
|6 720_100000000000000_SAG
|7 0
|9 21080
|a BRACUL
|b BRACUL
|c GEN
|d 2012-09-09
|e Karim International
|g 10.00
|l 3
|m 10
|o 720.1 SAG
|p 3010025903
|r 2025-11-19
|s 2018-02-14
|t 1
|w 2012-09-09
|y BK
|